The faults of southwest Virginia / (Record no. 133565)

MARC details
000 -LEADER
campo de control de longitud fija 00652nam a2200181 i 4500
001 - NÚMERO DE CONTROL
campo de control 133565
003 - IDENTIFICADOR DE NÚMERO DE CONTROL
campo de control ES-MaACL
005 - FECHA Y HORA DE LA ÚLTIMA TRANSACCIÓN
campo de control 20230906194444.0
007 - CAMPO FIJO DE DESCRIPCIÓN FÍSICA--INFORMACIÓN GENERAL
campo de control de longitud fija t|
008 - DATOS DE LONGITUD FIJA--INFORMACIÓN GENERAL
campo de control de longitud fija 070821s1887 xxu ||||1| eng d
100 1# - ENTRADA PRINCIPAL--NOMBRE DE PERSONA
Nombre de persona Stevenson, John James.
9 (RLIN) 108167
245 14 - MENCIÓN DEL TÍTULO
Título The faults of southwest Virginia /
Mención de responsabilidad, etc. by John J. Stevenson.
260 ## - PUBLICACIÓN, DISTRIBUCIÓN, ETC.
Lugar de publicación, distribución, etc. [S.l. :
Nombre del editor, distribuidor, etc. s.n.,
Fecha de publicación, distribución, etc. 1887?]
300 ## - DESCRIPCIÓN FÍSICA
Extensión p. 263-270 ;
Dimensiones 23 cm.
500 ## - NOTA GENERAL
Nota general Precede al tít.: From the American Journal of Science, vol. XXXIII, abril, 1887.
650 #4 - PUNTO DE ACCESO ADICIONAL DE MATERIA--TÉRMINO DE MATERIA
Término de materia o nombre geográfico como elemento de entrada Geología-
Subdivisión geográfica Virginia.
9 (RLIN) 157302
852 ## - LOCALIZACIÓN
Ubicación ES-MaACL
Número de control de estantería T-901-F-4
Nota libre .- Legado de Federico de Botella y de Hornos
-- .- Enc. en un vol. facticio
Holdings
Estatus retirado Estado de pérdida Estado de daño No para préstamo Colección Biblioteca de origen Biblioteca actual Ubicación en estantería Fecha de adquisición Fuente de adquisición Total de préstamos Signatura topográfica completa Código de barras Visto por última vez Precio de reemplazo Tipo de ítem Koha
        Colección de folletos Biblioteca del Ateneo de Madrid Biblioteca del Ateneo de Madrid Depósito folletos 17/01/2008     T-901-F-4 1139044 23/02/2023 23/02/2023 Folleto